[Event "Cto. Madrid 2016/2017 - Semifinal"]
[Site "Madrid ESP"]
[Date "2017.03.29"]
[Round "3.5"]
[White "Anton Veiga, Juan Carlos"]
[Black "De La Esperanza Martin, Alberto"]
[Result "0-1"]
[WhiteElo "2089"]
[BlackElo "2024"]
[PlyCount "86"]
[EventDate "2017.03.27"]
[EventType "swiss"]
[EventRounds "9"]
[EventCountry "ESP"]
[SourceTitle "AeM"]
[Source "lmi"]
[SourceDate "2017.03.27"]

1. e4 e5 2. Nf3 Nc6 3. Bc4 Bc5 4. c3 Nf6 5. d4 exd4 6. O-O Nxe4 7. cxd4 d5 8.
dxc5 dxc4 9. Qe2 Qe7 10. Re1 Nxc5 11. Qxc4 Be6 12. Qc3 O-O-O 13. Be3 Nd3 14.
Rf1 Qf6 15. Nbd2 Nxb2 16. Qxf6 gxf6 17. Ne4 f5 18. Nc5 Nd3 19. Nxd3 Rxd3 20. a3
Rg8 21. Rfd1 Rxd1+ 22. Rxd1 Rd8 23. Rxd8+ Kxd8 24. Kf1 b5 25. Nd4 Nxd4 26. Bxd4
a6 27. Ke2 Kd7 28. Kd3 Kd6 29. Bc3 Bc4+ 30. Ke3 Bf1 31. g3 Kd5 32. Kd2 c5 33.
Ba5 Kc4 34. Kc2 b4 35. Kb2 Kb5 36. Bd8 a5 37. Be7 c4 38. Kc2 Bg2 39. axb4 axb4
40. Bd6 Be4+ 41. Kb2 c3+ 42. Kb3 Bd5+ 43. Kc2 Kc4 0-1

[Event "Cto. Madrid 2016/2017 - Semifinal"]
[Site "Madrid ESP"]
[Date "2017.03.29"]
[Round "3.6"]
[White "Pana, Dorin"]
[Black "Correas Gonzalez, Jose Ramon"]
[Result "1-0"]
[WhiteElo "2034"]
[BlackElo "2080"]
[PlyCount "71"]
[EventDate "2017.03.27"]
[EventType "swiss"]
[EventRounds "9"]
[EventCountry "ESP"]
[SourceTitle "AeM"]
[Source "lmi"]
[SourceDate "2017.03.27"]

1. e4 c5 2. Nf3 d6 3. d4 cxd4 4. Nxd4 Nf6 5. Nc3 a6 6. Be3 e6 7. f3 b5 8. Qd2
Bb7 9. O-O-O Nbd7 10. g4 Nb6 11. Qf2 Nfd7 12. h4 Rc8 13. Kb1 Qc7 14. Ndxb5 axb5
15. Nxb5 Qb8 16. Bxb6 Bc6 17. Ba7 Qb7 18. Nxd6+ Bxd6 19. Rxd6 O-O 20. h5 Ra8
21. Be3 Rfb8 22. Bc1 Qc7 23. Qd4 Ra4 24. c4 e5 25. Qd2 Rba8 26. a3 Nc5 27. Ka2
Ne6 28. h6 g6 29. Be2 Nf4 30. Rd1 Be8 31. Bf1 Qe7 32. Qc3 f6 33. Bxf4 exf4 34.
Qxf6 Qxf6 35. Rxf6 Bf7 36. Rd7 1-0

[Event "Cto. Madrid 2016/2017 - Semifinal"]
[Site "Madrid ESP"]
[Date "2017.03.29"]
[Round "3.7"]
[White "Longa Yauca, Javier"]
[Black "Lopez Heras, Arturo"]
[Result "1-0"]
[WhiteElo "2257"]
[BlackElo "1905"]
[PlyCount "65"]
[EventDate "2017.03.27"]
[EventType "swiss"]
[EventRounds "9"]
[EventCountry "ESP"]
[SourceTitle "AeM"]
[Source "lmi"]
[SourceDate "2017.03.27"]

1. e4 c5 2. f4 d6 3. Nc3 Nc6 4. Bb5 a6 5. Bxc6+ bxc6 6. Nf3 Nf6 7. d3 g6 8. Bd2
Rb8 9. b3 Bg7 10. Qe2 O-O 11. O-O-O Ne8 12. e5 d5 13. Na4 c4 14. dxc4 Nc7 15.
Ba5 e6 16. Qf2 Qe7 17. Qc5 Re8 18. Qd6 Nb5 19. Qxe7 Rxe7 20. cxb5 axb5 21. Nc5
Ra7 22. b4 Bf8 23. Nd3 c5 24. a3 c4 25. Nf2 Rxa5 26. bxa5 Bxa3+ 27. Kd2 Bb4+
28. c3 Bxa5 29. Ra1 Bb6 30. Ke2 b4 31. cxb4 d4 32. Ne4 Kg7 33. Nd6 1-0

[Event "Cto. Madrid 2016/2017 - Semifinal"]
[Site "Madrid ESP"]
[Date "2017.03.29"]
[Round "3.8"]
[White "Quevedo Marin, Manuel"]
[Black "Vazquez Gonzalez, Francisco"]
[Result "1-0"]
[WhiteElo "2245"]
[BlackElo "1955"]
[PlyCount "51"]
[EventDate "2017.03.27"]
[EventType "swiss"]
[EventRounds "9"]
[EventCountry "ESP"]
[SourceTitle "AeM"]
[Source "lmi"]
[SourceDate "2017.03.27"]

1. d4 d6 2. e4 Nf6 3. Nc3 e5 4. Nge2 Nc6 5. h3 Be7 6. Be3 O-O 7. d5 Na5 8. Ng3
b6 9. Be2 Ne8 10. Qd2 f5 11. Nxf5 Bxf5 12. exf5 Rxf5 13. Bd3 Rf8 14. Ne4 Nb7
15. b4 a5 16. c3 axb4 17. cxb4 Ra3 18. O-O Qd7 19. Rac1 Nd8 20. Bb1 Bf6 21. Rc3
Rxc3 22. Qxc3 Qf7 23. Qd3 Qh5 24. Ng3 Qh4 25. Nf5 Qh5 26. Nh6+ 1-0

[Event "Cto. Madrid 2016/2017 - Semifinal"]
[Site "Madrid ESP"]
[Date "2017.03.29"]
[Round "3.9"]
[White "Rosa Ramirez, Victor Diego"]
[Black "Madina Yadarola, Martin"]
[Result "0-1"]
[WhiteElo "1945"]
[BlackElo "2243"]
[PlyCount "58"]
[EventDate "2017.03.27"]
[EventType "swiss"]
[EventRounds "9"]
[EventCountry "ESP"]
[SourceTitle "AeM"]
[Source "lmi"]
[SourceDate "2017.03.27"]

1. e4 c6 2. Nc3 g6 3. d4 Bg7 4. Nf3 d6 5. h3 Nf6 6. Bd3 Qc7 7. Bf4 Nh5 8. Be3
e5 9. Qd2 Nd7 10. Ne2 O-O 11. g4 Nhf6 12. Ng3 d5 13. dxe5 Nxe5 14. Nxe5 Qxe5
15. f4 Qxb2 16. O-O Nxe4 17. Bxe4 dxe4 18. Nxe4 Qa3 19. Bc5 Qxh3 20. Bxf8 Qxg4+
21. Kh1 Bf5 22. Qb4 Qh4+ 23. Kg1 Bxe4 24. Qxe4 Bxa1 25. Rxa1 Rxf8 26. Rb1 Rd8
27. Qf3 b6 28. f5 Qg5+ 29. Kf1 Rd5 0-1

[Event "Cto. Madrid 2016/2017 - Semifinal"]
[Site "Madrid ESP"]
[Date "2017.03.29"]
[Round "3.10"]
[White "Guillo Longares, Cecilia"]
[Black "Casares Ripoll, Fernando"]
[Result "1-0"]
[WhiteElo "1919"]
[BlackElo "2106"]
[PlyCount "53"]
[EventDate "2017.03.27"]
[EventType "swiss"]
[EventRounds "9"]
[EventCountry "ESP"]
[SourceTitle "AeM"]
[Source "lmi"]
[SourceDate "2017.03.27"]

1. d4 f5 2. c4 Nf6 3. Nc3 e6 4. Nf3 Be7 5. g3 O-O 6. Bg2 d6 7. O-O Qe8 8. b4
Qh5 9. Nb5 Na6 10. Qb3 c6 11. Nc3 Ne4 12. a4 Bf6 13. Bf4 g5 14. Be3 e5 15. b5
Nc7 16. Rad1 g4 17. Nxe4 fxe4 18. Ne1 exd4 19. Bxd4 Bxd4 20. Rxd4 d5 21. cxd5
cxd5 22. Rxe4 Be6 23. Rxe6 Nxe6 24. Bxd5 Rf6 25. Bxe6+ Kg7 26. Qc4 Rh6 27.
Qxg4+ 1-0

[Event "Cto. Madrid 2016/2017 - Semifinal"]
[Site "Madrid ESP"]
[Date "2017.03.29"]
[Round "3.11"]
[White "Martinez Fernandez, Raul"]
[Black "Fernandez Garcia, Ignacio"]
[Result "0-1"]
[WhiteElo "2059"]
[BlackElo "1862"]
[PlyCount "46"]
[EventDate "2017.03.27"]
[EventType "swiss"]
[EventRounds "9"]
[EventCountry "ESP"]
[SourceTitle "AeM"]
[Source "lmi"]
[SourceDate "2017.03.27"]

1. e4 Nc6 2. Nc3 e5 3. Bc4 Nf6 4. d3 d6 5. Nge2 Be6 6. Bxe6 fxe6 7. O-O Be7 8.
b3 O-O 9. Bb2 Qe8 10. Ng3 Qg6 11. Nce2 Nh5 12. Nxh5 Qxh5 13. f3 Bg5 14. Qe1
Be3+ 15. Kh1 Qg6 16. Rd1 Nd4 17. Nxd4 exd4 18. c3 c5 19. cxd4 cxd4 20. Qb4 Rac8
21. Bxd4 Rc2 22. g3 Qh5 23. h4 Bf2 0-1

[Event "Cto. Madrid 2016/2017 - Semifinal"]
[Site "Madrid ESP"]
[Date "2017.03.29"]
[Round "3.12"]
[White "Ocana Lameiro, Oliver"]
[Black "Cervino Rossel, Cristobal"]
[Result "0-1"]
[WhiteElo "1966"]
[BlackElo "2045"]
[PlyCount "84"]
[EventDate "2017.03.27"]
[EventType "swiss"]
[EventRounds "9"]
[EventCountry "ESP"]
[SourceTitle "AeM"]
[Source "lmi"]
[SourceDate "2017.03.27"]

1. c4 Nf6 2. Nc3 c5 3. Nf3 g6 4. g3 Bg7 5. Bg2 O-O 6. O-O Nc6 7. d4 cxd4 8.
Nxd4 Ne8 9. Nxc6 bxc6 10. Bxc6 Rb8 11. Bg2 Bxc3 12. bxc3 Bb7 13. Qd4 Ng7 14.
Qxa7 Bxg2 15. Kxg2 Rc8 16. c5 Rc7 17. Qb6 Qc8 18. Be3 Ne6 19. Rfd1 Qa8+ 20. c6
Rb8 21. Qxb8+ Qxb8 22. cxd7 Qb7+ 23. f3 Rxd7 24. Rxd7 Qxd7 25. c4 Qa4 26. c5
Qb5 27. Kf2 f6 28. a4 Qa6 29. a5 Nc7 30. Bd2 Kf7 31. Rb1 Qc6 32. Rc1 Ke8 33.
Be3 Kd7 34. Ke1 Kc8 35. Ra1 Nd5 36. Bd2 Nc7 37. Be3 Kb7 38. a6+ Nxa6 39. Rb1+
Kc8 40. Rb6 Qa4 41. c6 Nc7 42. Bf4 Qa5+ 0-1

[Event "Cto. Madrid 2016/2017 - Semifinal"]
[Site "Madrid ESP"]
[Date "2017.03.29"]
[Round "3.13"]
[White "Vazquez Gonzalez, Jesus"]
[Black "Lopez De Turiso, Jose Angel"]
[Result "1/2-1/2"]
[WhiteElo "1912"]
[BlackElo "2031"]
[PlyCount "24"]
[EventDate "2017.03.27"]
[EventType "swiss"]
[EventRounds "9"]
[EventCountry "ESP"]
[SourceTitle "AeM"]
[Source "lmi"]
[SourceDate "2017.03.27"]

1. e4 e5 2. Nf3 Nc6 3. Bb5 Bc5 4. O-O Nd4 5. Nxd4 Bxd4 6. c3 Bb6 7. d4 c6 8.
Ba4 d6 9. dxe5 dxe5 10. Qxd8+ Bxd8 11. Be3 Nf6 12. f3 Bb6 1/2-1/2

[Event "Cto. Madrid 2016/2017 - Semifinal"]
[Site "Madrid ESP"]
[Date "2017.03.29"]
[Round "3.14"]
[White "Kejo, Janne"]
[Black "Ortega Morales, Pedro"]
[Result "0-1"]
[WhiteElo "2026"]
[BlackElo "1786"]
[PlyCount "76"]
[EventDate "2017.03.27"]
[EventType "swiss"]
[EventRounds "9"]
[EventCountry "ESP"]
[SourceTitle "AeM"]
[Source "lmi"]
[SourceDate "2017.03.27"]

1. d4 Nf6 2. c4 c5 3. e3 g6 4. Nc3 Bg7 5. g3 O-O 6. Bg2 d6 7. Nge2 a6 8. O-O
Qc7 9. b3 Rd8 10. Bb2 Nbd7 11. Rc1 Rb8 12. Nf4 e6 13. Nfe2 b5 14. cxb5 axb5 15.
dxc5 dxc5 16. Qc2 Qb6 17. Rfd1 Bb7 18. h3 Bxg2 19. Kxg2 Qb7+ 20. f3 c4 21. bxc4
bxc4 22. Rb1 Qa7 23. Nd4 Qa8 24. Qa4 Qxa4 25. Nxa4 Ne5 26. Nc3 Rdc8 27. Ndb5
Nd3 28. Ba3 Nd5 29. Nxd5 exd5 30. Kf1 h5 31. Ke2 Bf6 32. Na7 Re8 33. Rb5 Ra8
34. Rb7 Bd4 35. Nb5 Rxe3+ 36. Kd2 Rxf3 37. Nxd4 Rf2+ 38. Kc3 Rxa3+ 0-1

[Event "Cto. Madrid 2016/2017 - Semifinal"]
[Site "Madrid ESP"]
[Date "2017.03.29"]
[Round "3.15"]
[White "Pablos Tenrero, Raquel"]
[Black "Ingunza Curro, Andres"]
[Result "1/2-1/2"]
[WhiteElo "1987"]
[BlackElo "1743"]
[PlyCount "103"]
[EventDate "2017.03.27"]
[EventType "swiss"]
[EventRounds "9"]
[EventCountry "ESP"]
[SourceTitle "AeM"]
[Source "lmi"]
[SourceDate "2017.03.27"]

1. e4 c5 2. Nf3 d6 3. d4 cxd4 4. Nxd4 Nf6 5. Nc3 g6 6. g3 Bg7 7. Bg2 O-O 8. h3
Nc6 9. Nde2 a6 10. a4 Bd7 11. O-O Rc8 12. Bg5 Na5 13. Re1 h6 14. Be3 Nc4 15.
Bc1 Qc7 16. Nf4 e6 17. Ra2 Rfd8 18. b3 Na5 19. Nce2 Nc6 20. Ba3 Be8 21. c4 g5
22. Nd3 d5 23. cxd5 exd5 24. e5 Ne4 25. f4 b5 26. Kh2 Qb6 27. Ra1 Bd7 28. Rc1
b4 29. Bb2 Ne7 30. Bd4 Qb7 31. Nc5 Nxc5 32. Bxc5 Be6 33. Nd4 Nf5 34. Nxf5 Bxf5
35. Qd4 Bf8 36. Bxf8 Kxf8 37. g4 Be4 38. Rxc8 Rxc8 39. Bxe4 dxe4 40. Qd6+ Kg7
41. Qf6+ Kh7 42. Re2 Rc3 43. fxg5 hxg5 44. Qxg5 Qd5 45. Qf5+ Kg7 46. Qf6+ Kh7
47. Qf5+ Kg7 48. Qxe4 Qxb3 49. Qg2 Qxa4 50. Qf1 Qb3 51. Qf6+ Kh7 52. Qh4+
1/2-1/2

[Event "Cto. Madrid 2016/2017 - Semifinal"]
[Site "Madrid ESP"]
[Date "2017.03.29"]
[Round "3.16"]
[White "Arbunic Castro, Giovanna B"]
[Black "Jimenez Gonzalez, Marcos"]
[Result "1-0"]
[WhiteElo "2005"]
[BlackElo "1829"]
[PlyCount "59"]
[EventDate "2017.03.27"]
[EventType "swiss"]
[EventRounds "9"]
[EventCountry "ESP"]
[SourceTitle "AeM"]
[Source "lmi"]
[SourceDate "2017.03.27"]

1. e4 c6 2. d4 d5 3. e5 Bf5 4. Nf3 e6 5. Be2 c5 6. c4 Ne7 7. O-O Nbc6 8. dxc5
d4 9. Bd3 Bxd3 10. Qxd3 Ng6 11. Re1 Bxc5 12. Nbd2 O-O 13. Nb3 Bb6 14. Re4 Bc7
15. Qe2 d3 16. Qe1 b6 17. Qc3 Qb8 18. Qxd3 Ncxe5 19. Nxe5 Bxe5 20. Qh3 Bf6 21.
Nd4 Bxd4 22. Rxd4 Qe5 23. Be3 Rad8 24. Rad1 Qc7 25. Qg4 f5 26. Qg5 Rxd4 27.
Bxd4 Rd8 28. Rd2 f4 29. h4 e5 30. Bxe5 1-0

[Event "Cto. Madrid 2016/2017 - Semifinal"]
[Site "Madrid ESP"]
[Date "2017.03.29"]
[Round "3.18"]
[White "Vukotic Jovsic, Dragan"]
[Black "Lozano Sanchez, Jose Antonio"]
[Result "1-0"]
[WhiteElo "1950"]
[BlackElo "1864"]
[PlyCount "73"]
[EventDate "2017.03.27"]
[EventType "swiss"]
[EventRounds "9"]
[EventCountry "ESP"]
[SourceTitle "AeM"]
[Source "lmi"]
[SourceDate "2017.03.27"]

1. d4 d5 2. Bf4 Nf6 3. e3 Bf5 4. Nf3 Nbd7 5. c4 c6 6. Nc3 e6 7. Qb3 Qb6 8. c5
Qxb3 9. axb3 Nh5 10. b4 Nxf4 11. exf4 Nf6 12. b5 Nd7 13. bxc6 bxc6 14. b4 f6
15. b5 Nb8 16. Nh4 g6 17. Nxf5 gxf5 18. bxc6 Kd8 19. Ba6 Nxc6 20. Nb5 Rb8 21.
O-O Kd7 22. Rfd1 Be7 23. Nc3 Rb3 24. Bb5 Kc7 25. Bxc6 Kxc6 26. Ra6+ Kb7 27.
Rxe6 Bxc5 28. dxc5 Rxc3 29. Rb1+ Kc7 30. Re7+ Kc6 31. Rxa7 Kxc5 32. Rd1 Rc4 33.
Ra5+ Kb4 34. Raxd5 Rxf4 35. g3 Rc4 36. Rb1+ Ka4 37. Rd7 1-0

[Event "Cto. Madrid 2016/2017 - Semifinal"]
[Site "Madrid ESP"]
[Date "2017.03.29"]
[Round "3.19"]
[White "Garcia Serrano, Jose Manuel"]
[Black "Anton Quevedo, Andrea"]
[Result "0-1"]
[WhiteElo "1871"]
[BlackElo "1849"]
[PlyCount "52"]
[EventDate "2017.03.27"]
[EventType "swiss"]
[EventRounds "9"]
[EventCountry "ESP"]
[SourceTitle "AeM"]
[Source "lmi"]
[SourceDate "2017.03.27"]

1. e4 Nf6 2. e5 Nd5 3. d4 d6 4. Nf3 Nc6 5. c4 Nb6 6. exd6 exd6 7. Be2 Bf5 8.
O-O Be7 9. Be3 Bf6 10. Nc3 O-O 11. Qd2 Re8 12. Rac1 a5 13. Ng5 a4 14. Nb5 Qd7
15. Rfe1 h6 16. Nf3 Be4 17. Nxd6 cxd6 18. d5 Nxd5 19. cxd5 Ne7 20. Nd4 Bxd5 21.
Nb5 Rec8 22. Bf4 Bxa2 23. Nxd6 Rd8 24. Qb4 Nd5 25. Qxb7 Nxf4 26. Nb5 Qxb7 0-1

[Event "Cto. Madrid 2016/2017 - Semifinal"]
[Site "Madrid ESP"]
[Date "2017.03.29"]
[Round "3.20"]
[White "Santamaria Baeza, Adolfo"]
[Black "Pashov, Spas Nikolov"]
[Result "1-0"]
[WhiteElo "1855"]
[BlackElo "1867"]
[PlyCount "99"]
[EventDate "2017.03.27"]
[EventType "swiss"]
[EventRounds "9"]
[EventCountry "ESP"]
[SourceTitle "AeM"]
[Source "lmi"]
[SourceDate "2017.03.27"]

1. e4 e5 2. Nf3 Nc6 3. Bc4 Bc5 4. c3 Nf6 5. b4 Bb6 6. d3 d6 7. a4 a5 8. b5 Nb8
9. Bg5 Be6 10. Nbd2 O-O 11. O-O h6 12. Bh4 Nbd7 13. d4 exd4 14. Bxe6 fxe6 15.
Nxd4 Qe8 16. Qe2 e5 17. Nf5 Nc5 18. Bxf6 Rxf6 19. Kh1 Kh7 20. Ng3 Ne6 21. Nc4
Bc5 22. Ne3 Bxe3 23. Qxe3 b6 24. Qd2 g6 25. Ne2 Qf7 26. Qd5 Rf8 27. f3 h5 28.
c4 h4 29. Ng1 Nd4 30. Nh3 Kh6 31. Rad1 Ne6 32. Nf2 Kh5 33. Ng4 Rf4 34. Qd2 Ng5
35. Rg1 h3 36. Ne3 Kh6 37. Qe1 Kg7 38. Qg3 hxg2+ 39. Rxg2 Nxf3 40. Nf5+ Kf6 41.
Nh6 Qh7 42. Qh3 Rh8 43. Ng4+ Rxg4 44. Qxf3+ Rf4 45. Qg3 Qh5 46. Rdg1 Rh6 47. c5
bxc5 48. b6 cxb6 49. Qd3 Qh3 50. Rxg6+ 1-0

[Event "Cto. Madrid 2016/2017 - Semifinal"]
[Site "Madrid ESP"]
[Date "2017.03.30"]
[Round "4.1"]
[White "Camarero Izquierdo, Juan Carlos"]
[Black "Torres Bosch, Jose Francisco"]
[Result "0-1"]
[WhiteElo "1775"]
[BlackElo "2154"]
[PlyCount "84"]
[EventDate "2017.03.27"]
[EventType "swiss"]
[EventRounds "9"]
[EventCountry "ESP"]
[SourceTitle "AeM"]
[Source "lmi"]
[SourceDate "2017.03.27"]

1. d4 Nf6 2. Nc3 c5 3. d5 e5 4. Bg5 h6 5. Bh4 g5 6. Bg3 d6 7. e4 Qa5 8. Bb5+
Nbd7 9. Qf3 Bg7 10. h4 g4 11. Qe2 a6 12. Bxd7+ Bxd7 13. h5 O-O-O 14. Bh4 Rdf8
15. Bxf6 Bxf6 16. O-O-O b5 17. a3 b4 18. axb4 cxb4 19. Qc4+ Kd8 20. Na2 Ke7 21.
Kb1 Rb8 22. Qd3 Rhc8 23. Nc1 Bg5 24. Nb3 Qa4 25. Qg3 Rxc2 26. Kxc2 Qa2 27. Ra1
Rc8+ 28. Kd1 Qxa1+ 29. Nxa1 Rc1+ 30. Ke2 Bb5+ 31. Qd3 Rxa1 32. Qxb5 axb5 33. f3
g3 34. Rh3 Rxg1 35. Rxg3 Rb1 36. Rg4 Rxb2+ 37. Kd1 b3 38. g3 Rd2+ 39. Kc1 Rxd5+
40. Rxg5 Rc5+ 41. Kb2 hxg5 42. Kxb3 Kf6 0-1

[Event "Cto. Madrid 2016/2017 - Semifinal"]
[Site "Madrid ESP"]
[Date "2017.03.30"]
[Round "4.2"]
[White "Iagar, Razvan Gabriel"]
[Black "Pana, Dorin"]
[Result "1-0"]
[WhiteElo "2150"]
[BlackElo "2034"]
[PlyCount "117"]
[EventDate "2017.03.27"]
[EventType "swiss"]
[EventRounds "9"]
[EventCountry "ESP"]
[SourceTitle "AeM"]
[Source "lmi"]
[SourceDate "2017.03.27"]

1. d4 d5 2. c4 e6 3. Nc3 Nf6 4. cxd5 exd5 5. Bg5 c6 6. e3 Bd6 7. Bd3 Be6 8. Qc2
Nbd7 9. Nf3 Qc7 10. Bh4 Bg4 11. Bg3 O-O 12. Nd2 Rfe8 13. Bxd6 Qxd6 14. O-O Bh5
15. h3 Bg6 16. Rab1 Rac8 17. Bxg6 hxg6 18. Qd3 Qe6 19. Rfc1 Qf5 20. Qxf5 gxf5
21. Na4 Ne4 22. Rc2 Re7 23. Rbc1 Ree8 24. Nxe4 fxe4 25. Nc5 Nxc5 26. Rxc5 f6
27. b4 a6 28. a4 Ra8 29. b5 cxb5 30. axb5 a5 31. Rxd5 Re6 32. Rdc5 Rb6 33. f3
exf3 34. gxf3 Kf7 35. Kf2 a4 36. Ra1 a3 37. Ra2 Ra5 38. Ke2 Ke6 39. Kd3 Rbxb5
40. Rxb5 Rxb5 41. Rxa3 Rh5 42. Ra7 Rxh3 43. f4 f5 44. Rxb7 g5 45. fxg5 f4 46.
Rb6+ Ke7 47. Ke4 fxe3 48. Rb2 Kd6 49. Rg2 Ke7 50. Re2 Kd6 51. Rxe3 Rh4+ 52. Kf5
Rxd4 53. g6 Rd2 54. g7 Rg2 55. Re6+ Kd5 56. Rg6 Rf2+ 57. Kg5 Rg2+ 58. Kf6 Rf2+
59. Ke7 1-0

[Event "Cto. Madrid 2016/2017 - Semifinal"]
[Site "Madrid ESP"]
[Date "2017.03.30"]
[Round "4.3"]
[White "De La Esperanza Martin, Alberto"]
[Black "Pindado Campos, Raul"]
[Result "1-0"]
[WhiteElo "2024"]
[BlackElo "2046"]
[PlyCount "89"]
[EventDate "2017.03.27"]
[EventType "swiss"]
[EventRounds "9"]
[EventCountry "ESP"]
[SourceTitle "AeM"]
[Source "lmi"]
[SourceDate "2017.03.27"]

1. e4 c5 2. Nf3 d6 3. d4 cxd4 4. Nxd4 Nf6 5. Nc3 a6 6. Bg5 e6 7. Be2 Be7 8. Qd2
Qc7 9. O-O O-O 10. a4 b6 11. Nb3 Bb7 12. Bd3 Nc6 13. f4 h6 14. Bh4 Nxe4 15.
Nxe4 Bxh4 16. Nxd6 Nd4 17. Nxb7 Nxb3 18. cxb3 Qxb7 19. Qe2 b5 20. Kh1 Rad8 21.
axb5 axb5 22. Bxb5 Rd6 23. Bc4 Rfd8 24. f5 Rd2 25. Qg4 R8d4 26. Qh3 exf5 27.
Rxf5 Bf2 28. Rf1 Qe4 29. Qh5 Rxc4 30. Qxf7+ Kh7 31. bxc4 Bc5 32. R5f3 Qe2 33.
Qf5+ Kh8 34. Qg6 Rd1 35. Qf5 Rd2 36. Qg4 Qe8 37. Rf7 Qg8 38. h4 Rd4 39. Qxd4
Bxd4 40. Rf8 Bxb2 41. Rxg8+ Kxg8 42. c5 Be5 43. c6 g5 44. hxg5 hxg5 45. Rf5 1-0

[Event "Cto. Madrid 2016/2017 - Semifinal"]
[Site "Madrid ESP"]
[Date "2017.03.30"]
[Round "4.4"]
[White "Gonzalez Rivera, Eduardo"]
[Black "Quevedo Marin, Manuel"]
[Result "0-1"]
[WhiteElo "2020"]
[BlackElo "2245"]
[PlyCount "72"]
[EventDate "2017.03.27"]
[EventType "swiss"]
[EventRounds "9"]
[EventCountry "ESP"]
[SourceTitle "AeM"]
[Source "lmi"]
[SourceDate "2017.03.27"]

1. e4 e5 2. Nf3 Nc6 3. Bb5 a6 4. Bxc6 dxc6 5. O-O Bg4 6. d3 f6 7. Be3 Bd6 8.
Nbd2 Ne7 9. c4 c5 10. b4 b6 11. bxc5 Bxc5 12. Bxc5 bxc5 13. Qa4+ Kf7 14. Qa3
Qd6 15. h3 Bh5 16. Rfd1 a5 17. g4 Bg6 18. Nb3 a4 19. Nbd2 h5 20. Nf1 hxg4 21.
hxg4 Nc6 22. Qc1 Rh3 23. Kg2 Rah8 24. Qd2 Qe6 25. N3h2 Nd4 26. f4 Rxh2+ 27.
Nxh2 Rxh2+ 28. Kxh2 Nf3+ 29. Kg3 Nxd2 30. f5 Nxe4+ 31. dxe4 Qxc4 32. fxg6+ Kxg6
33. Kf3 Qc3+ 34. Kf2 Kg5 35. Rac1 Qb2+ 36. Kg1 Qe2 0-1

[Event "Cto. Madrid 2016/2017 - Semifinal"]
[Site "Madrid ESP"]
[Date "2017.03.30"]
[Round "4.5"]
[White "Fernandez Garcia, Ignacio"]
[Black "Longa Yauca, Javier"]
[Result "0-1"]
[WhiteElo "1862"]
[BlackElo "2257"]
[PlyCount "82"]
[EventDate "2017.03.27"]
[EventType "swiss"]
[EventRounds "9"]
[EventCountry "ESP"]
[SourceTitle "AeM"]
[Source "lmi"]
[SourceDate "2017.03.27"]

1. e4 e5 2. Nf3 d6 3. Bc4 Nc6 4. d3 h6 5. h3 Be7 6. Nc3 Nf6 7. Bd2 O-O 8. g4
Nh7 9. Nd5 Be6 10. g5 Nxg5 11. Nxe7+ Qxe7 12. Bxg5 hxg5 13. Rg1 f6 14. h4 Kf7
15. hxg5 Rh8 16. c3 Rh3 17. Qe2 Bxc4 18. dxc4 Nd8 19. O-O-O Ne6 20. Nd2 Nf4 21.
Qg4 Qe6 22. Kc2 Qxg4 23. Rxg4 Rah8 24. gxf6 Kxf6 25. Rdg1 Rh2 26. Rxg7 Rxf2 27.
Rxc7 Rhh2 28. Rxb7 Rxd2+ 29. Kb1 a5 30. a4 Rdg2 31. Rd1 Ke6 32. Rb6 Rd2 33. Rg1
Rhe2 34. Rh1 Rxe4 35. Rh6+ Kf5 36. Rb5 Nd3 37. Rh1 Ree2 38. Rb8 Nxb2 39. Rf8+
Ke6 40. Rh6+ Ke7 41. Rb8 Rd1+ 0-1

[Event "Cto. Madrid 2016/2017 - Semifinal"]
[Site "Madrid ESP"]
[Date "2017.03.30"]
[Round "4.6"]
[White "Madina Yadarola, Martin"]
[Black "Guillo Longares, Cecilia"]
[Result "1-0"]
[WhiteElo "2243"]
[BlackElo "1919"]
[PlyCount "71"]
[EventDate "2017.03.27"]
[EventType "swiss"]
[EventRounds "9"]
[EventCountry "ESP"]
[SourceTitle "AeM"]
[Source "lmi"]
[SourceDate "2017.03.27"]

1. b3 d5 2. Bb2 c5 3. e3 Nc6 4. f4 e6 5. Nf3 Nf6 6. Bb5 Bd7 7. O-O a6 8. Bxc6
Bxc6 9. Ne5 Rc8 10. d3 Bd6 11. Nd2 b5 12. Rf3 d4 13. Nxc6 Rxc6 14. exd4 cxd4
15. Bxd4 Qc7 16. Bxf6 gxf6 17. c4 Bxf4 18. Nf1 Be5 19. Rc1 Rg8 20. d4 Bf4 21.
Rc2 bxc4 22. bxc4 e5 23. Qd3 Rg6 24. Rh3 h6 25. d5 Rc5 26. Qe2 Qa7 27. Kh1 Qc7
28. Rf3 Bg5 29. Ng3 Qd7 30. Nf5 Kf8 31. Qe4 Qb7 32. Rb3 Qc8 33. h4 Bxh4 34.
Rcb2 Rb5 35. cxb5 Qc1+ 36. Kh2 1-0

[Event "Cto. Madrid 2016/2017 - Semifinal"]
[Site "Madrid ESP"]
[Date "2017.03.30"]
[Round "4.7"]
[White "Corisco Beltran, Rafael"]
[Black "Ortega Morales, Pedro"]
[Result "1-0"]
[WhiteElo "2038"]
[BlackElo "1786"]
[PlyCount "109"]
[EventDate "2017.03.27"]
[EventType "swiss"]
[EventRounds "9"]
[EventCountry "ESP"]
[SourceTitle "AeM"]
[Source "lmi"]
[SourceDate "2017.03.27"]

1. e4 e5 2. Nf3 Nc6 3. Bb5 Nf6 4. O-O Nxe4 5. d4 Nd6 6. Bxc6 dxc6 7. dxe5 Nf5
8. Qxd8+ Kxd8 9. Rd1+ Ke8 10. Nc3 Be7 11. Ne4 h6 12. h3 Nh4 13. Nd4 a6 14. Be3
c5 15. Ne2 b6 16. f4 Bb7 17. N2c3 Rd8 18. Rxd8+ Kxd8 19. Rd1+ Kc8 20. Nd5 Bxd5
21. Rxd5 Rd8 22. Rxd8+ Kxd8 23. Kf2 Nf5 24. c3 Kd7 25. g4 Nxe3 26. Kxe3 Ke6 27.
c4 a5 28. a4 Bh4 29. Nc3 c6 30. Ke4 Ke7 31. Nd1 f6 32. Ne3 g6 33. exf6+ Kxf6
34. Nf1 Bf2 35. Nh2 Bd4 36. b3 g5 37. Nf3 Bc3 38. h4 gxf4 39. Kxf4 Bb2 40. Ne1
Bc1+ 41. Ke4 Bb2 42. Nc2 Bc3 43. Ne3 Bd2 44. Nf5 Ke6 45. Ne3 Be1 46. Ng2 Bd2
47. Nf4+ Kf6 48. Nd3 Bc3 49. Ke3 Ke6 50. Kf4 Bd2+ 51. Ke4 Bc3 52. g5 hxg5 53.
hxg5 Kf7 54. Kf5 Kg7 55. Ne5 1-0

[Event "Cto. Madrid 2016/2017 - Semifinal"]
[Site "Madrid ESP"]
[Date "2017.03.30"]
[Round "4.8"]
[White "Alfaya Marcelo, Roberto"]
[Black "Arbunic Castro, Giovanna B"]
[Result "1-0"]
[WhiteElo "2193"]
[BlackElo "2005"]
[PlyCount "95"]
[EventDate "2017.03.27"]
[EventType "swiss"]
[EventRounds "9"]
[EventCountry "ESP"]
[SourceTitle "AeM"]
[Source "lmi"]
[SourceDate "2017.03.27"]

1. d4 d5 2. c4 e6 3. Nc3 Nf6 4. cxd5 exd5 5. Bg5 Be7 6. e3 O-O 7. Qc2 b6 8. Nf3
Bb7 9. Be2 Nbd7 10. O-O Ne4 11. Bf4 c5 12. Rac1 Rc8 13. Rfd1 a6 14. dxc5 Ndxc5
15. Be5 b5 16. Qb1 b4 17. Nxd5 Bxd5 18. Bc4 Nf6 19. Bxf6 Bxf6 20. Bxd5 Qe7 21.
Nd4 Qa7 22. g3 Qb6 23. Kg2 Rfd8 24. Bf3 Bxd4 25. exd4 Ne6 26. d5 Nd4 27. Rxc8
Rxc8 28. Be4 g6 29. Qd3 Nb5 30. d6 Rd8 31. d7 Kf8 32. Qd2 Qc5 33. Qh6+ Kg8 34.
Qh4 Qf8 35. Qf6 Nc7 36. h4 Ne6 37. h5 Qg7 38. Qxg7+ Kxg7 39. hxg6 hxg6 40. Bb7
a5 41. Rd5 Nc7 42. Rd4 Kf6 43. Bc8 Ke7 44. Kf3 Ke6 45. Bb7 Nb5 46. Rd2 Nd6 47.
Bc6 Nc4 48. Bd5+ 1-0